[Event "FIDE Online-ch U18 Girls 2020"]
[Site "Online"]
[Date "2020.12.19"]
[Round "1.1"]
[White "Yip, Carissa"]
[Black "Shaw, Laurie Ann"]
[Result "1-0"]
[WhiteElo "2421"]
[BlackElo "1408"]
[Annotator "TA"]
[PlyCount "63"]
[EventDate "2020.12.18"]
[EventType "k.o."]
[EventCountry "NET"]
[SourceTitle "playchess.com"]
[Source "ChessBase"]
[SourceQuality "1"]

{[%evp 20,62,49,41,39,0,25,18,45,37,43,9,2,13,10,0,0,-60,78,80,73,70,81,85,159,137,128,131,258,252,257,246,251,265,377,369,421,392,377,354,486,482,29997,29998,29999]} 1. e4 c5 2. Nf3 Nc6 3. d4 cxd4 4. Nxd4 g6 5. Nc3 Bg7 6. Be3 Nf6 7. Bc4 Qa5 8. O-O O-O 9. Bb3 a6 10. h3 d6 11. Re1 Qc7 {B35: Sicilian: Accelerated Dragon with 5 Nc3: main line.} 12. f4 Bd7 13. Nf3 {[#]} Rad8 $146 {The position is equal.} ({Predecessor:} 13... e6 14. Qd2 b5 15. a3 Rad8 16. Rad1 Bc8 17. Qf2 Nd7 18. f5 Rde8 19. Ng5 Nf6 {½-½ (36) Hernandez Gallardo,F (2281)-Ballesteros Gonzalez,D (2271) Madrid 2009}) 14. Qe2 b5 15. a3 Be6 16. Bxe6 fxe6 17. Ng5 Qc8 18. Bb6 (18. g4 $11) 18... Rd7 (18... Nh5 $15 19. f5 (19. Bxd8 Nxf4 20. Qd2 Nxd8 $15) 19... exf5) 19. Nxe6 $16 Rb7 20. Nxf8 Rxb6 21. e5 Nh5 ({Better is} 21... dxe5 22. fxe5 Nh5) 22. Nd5 Rb7 23. g4 Qxf8 (23... Kxf8 $16 24. gxh5 Qxh3) 24. gxh5 $18 dxe5 25. c3 e6 26. Nb4 Nxb4 (26... Ne7 $142 27. Rad1 gxh5 28. fxe5 Nf5) 27. axb4 Qxf4 28. Rf1 Qg5+ 29. Qg2 Qe3+ 30. Kh1 Rd7 (30... e4 $18 31. Rae1 Qb6 32. hxg6 hxg6 33. Qxg6 Re7 34. Rxe4 Qc6) 31. Qa8+ {[%mdl 64] [#] Double Attack} Bf8 32. Qxf8# {Weighted Error Value: White=0.11/Black=0.70} 1-0

[Event "FIDE Online-ch U18 Girls 2020"]
[Site "Online"]
[Date "2020.12.19"]
[Round "1.2"]
[White "Wang, Annie"]
[Black "Allam, Yara"]
[Result "1-0"]
[WhiteElo "2384"]
[BlackElo "1752"]
[Annotator "TA"]
[PlyCount "45"]
[EventDate "2020.12.18"]
[EventType "k.o."]
[EventCountry "NET"]
[SourceTitle "playchess.com"]
[Source "ChessBase"]
[SourceQuality "1"]

{[%evp 16,45,36,35,30,31,71,73,70,65,112,65,70,53,66,59,70,70,63,74,66,50,49,44,103,87,159,145,170,158,827,801]} 1. d4 c6 2. c4 d5 3. Nc3 Nf6 4. e3 g6 5. Nf3 Bg7 6. Be2 O-O 7. O-O Bg4 {7...a6 is a critical line.} 8. cxd5 cxd5 9. Qb3 b6 {D94: Grünfeld: 4 Nf3 Bg7 5 e3.} 10. Bd2 {[#]} Bxf3 $146 ({Predecessor:} 10... Ne4 11. Be1 Nc6 12. h3 Na5 13. Qa4 Bd7 14. Qa3 Nxc3 15. Bxc3 Nc6 16. Rfc1 e6 17. Rc2 a5 18. Rac1 Re8 19. Bb5 Na7 20. Bxd7 Qxd7 21. Ne5 Qb5 22. Be1 {½-½ (22) Rodshtein,M (2688)-Balogh,C (2632) Czech Republic 2018}) 11. Bxf3 {[%cal Rc3d5]} e6 {White is better.} 12. Rfc1 Nbd7 13. Be2 a6 14. Bd3 Qe7 15. Ne2 {Hoping for Bb4.} Rfb8 16. Bb4 Qd8 17. Bd6 Rb7 18. Qc2 Ne8 19. Bg3 e5 (19... b5 $14) 20. Qc6 $16 Rc7 (20... Rba7 $142) 21. Qxd5 Nef6 22. Qf3 {[#] Strongly threatening Rxc7.} Nh5 $2 (22... Rxc1+ $16 23. Rxc1 Rc8 24. Bxa6 Rxc1+ 25. Nxc1 exd4 26. exd4 Nh5) 23. Rxc7 {Weighted Error Value: White=0.08/Black=0.25} 1-0

[Event "FIDE Online-ch U18 Girls 2020"]
[Site "Online"]
[Date "2020.12.19"]
[Round "1.2"]
[White "Solozhenkina, Elizaveta"]
[Black "Morris-Suzuki, Sophie"]
[Result "1-0"]
[WhiteElo "2271"]
[BlackElo "2043"]
[Annotator "TA"]
[PlyCount "191"]
[EventDate "2020.12.18"]
[EventType "k.o."]
[EventCountry "NET"]
[SourceTitle "playchess.com"]
[Source "ChessBase"]
[SourceQuality "1"]

{[%evp 22,190,26,27,53,49,70,31,52,18,27,12,62,58,34,41,112,113,116,100,100,60,63,60,72,56,66,63,59,47,51,41,66,46,39,41,93,87,120,101,120,120,120,105,120,115,120,120,120,120,120,120,120,120,120,9,120,120,120,120,120,120,152,126,152,120,152,120,152,41,152,126,152,126,126,126,126,126,127,120,120,120,127,31,31,31,31,31,31,31,31,31,41,0,30,30,31,31,41,41,71,41,71,71,71,71,71,71,71,71,71,71,71,71,71,71,71,71,71,71,71,71,71,71,71,71,71,71,29967,29968,29983,29984,29984,29985,29985,12798,29974,0,29985,29986,29986,29981,29987,29987,29988,29988,29988,29989,29989,29990,29991,29992,29992,29993,29993,29994,29994,29995,29995,29993,29996,29996,29996,29996,29996,29997,29997,29997,29998,29999,29999]} 1. e4 c5 2. c3 e6 3. d4 d5 4. exd5 exd5 5. Bb5+ Nc6 6. Nf3 Bd6 7. O-O Nge7 8. dxc5 Bxc5 9. Nbd2 O-O 10. Nb3 Bb6 11. Re1 Bg4 12. Be3 Bc7 {C09: French Tarrasch: 3...c5 4 exd5 exd5 5 Ngf3 Nc6.} 13. h3 Bh5 14. Be2 {[#]} Qd6 $146 {White is slightly better.} ({Predecessor:} 14... Re8 15. Nbd4 a6 16. Nxc6 Nxc6 17. Qd2 Qd7 18. Rad1 Rad8 19. Bf4 Bb6 20. Ne5 Nxe5 21. Bxh5 {1-0 (48) Neubauer,M (2429)-Schein,K (2253) Hartberg 2004}) 15. g3 (15. Bc5 $5 {[%cal Rc5d6]} Qd7 16. Nbd4 $14) 15... Qd7 16. Kg2 Bg6 (16... Nf5 $5 {[%cal Rf5e3]} 17. Bc5 Rfe8 $14) 17. Nc5 {[%cal Bb3c5,Bc5d3,Bd3f4][%mdl 32]} Qc8 18. Nh4 b6 (18... Nf5 $14) 19. Nxg6 hxg6 20. Nd3 Nf5 21. Bf4 Bxf4 22. Nxf4 d4 23. c4 Ne5 24. b3 Qc5 25. Nd3 Nxd3 26. Qxd3 Rad8 27. Rad1 Rfe8 28. Bf3 Ne7 (28... Rxe1 $14 29. Rxe1 Kf8) 29. h4 Nc6 30. Rxe8+ $1 Rxe8 31. Bxc6 Qxc6+ $16 {[%mdl 4096] Endgame [#] KQR-KQR} 32. Qf3 $1 {[%cal Rf3c6]} Qc5 33. Qd5 Re2 34. Rxd4 Rxa2 35. Qxc5 bxc5 {KR-KR} 36. Rd5 Ra3 37. Rxc5 {Rc8+ is the strong threat.} Rxb3 38. Rc8+ Kh7 39. Rc7 Rc3 40. Rxf7 Rxc4 41. Rxa7 Rd4 42. Ra6 Rb4 43. Ra3 Rd4 44. Re3 Rc4 45. Kf3 ({Better is} 45. Re5 $16) 45... Rb4 (45... g5 $1 $14) 46. Re4 Rb2 47. Rf4 Rb3+ 48. Kg4 Rb5 49. Re4 Rb2 50. f4 Rb3 51. Re5 Rc3 52. h5 (52. Re6 $16) 52... gxh5+ $14 53. Rxh5+ Kg6 54. Rg5+ Kf6 55. Rf5+ Kg6 56. Rd5 Kf6 57. Rf5+ Kg6 58. Rf8 Kh7 59. Kh4 Rc1 60. Kg5 Rc6 61. g4 {Cut Off at move 61} Rc5+ 62. f5 Rb5 63. Re8 Rc5 64. Re7 Rb5 65. Kf4 Kg8 66. g5 Kf8 67. Rd7 Rb4+ 68. Ke5 Rb5+ 69. Rd5 Rb8 70. Rd6 Rb1 71. Rd8+ Ke7 {Threatens to win with ...Re1+.} 72. Ra8 Re1+ 73. Kf4 Rf1+ 74. Kg4 {And now Ra7+ would win.} Rg1+ $2 {[%mdl 8192] [#]} (74... Rh1 $16) 75. Kh5 $1 {[%cal Rh5g6]} Kf7 76. Ra7+ Kf8 77. Kg6 Rg2 78. Ra8+ Ke7 79. Ra7+ Kf8 80. Rf7+ {White mates.} Ke8 81. Rxg7 Kf8 82. Ra7 Re2 83. Ra8+ Ke7 84. f6+ Kd7 85. f7 Re6+ 86. Kg7 Re7 87. Ra7+ Kd8 88. Rxe7 Kxe7 89. f8=Q+ Kd7 90. Qf7+ Kc8 91. Qe7 Kb8 92. Qd7 Ka8 93. g6 Kb8 94. Kf7 Ka8 95. g7 {[%cal Rg7g8]} Kb8 96. g8=R# {Weighted Error Value: White=0.18/Black=0.15} 1-0

[Event "FIDE Online-ch U18 Girls 2020"]
[Site "Online"]
[Date "2020.12.19"]
[Round "1.2"]
[White "Ouellet, Maili-Jade"]
[Black "Zhang, Xiao"]
[Result "1-0"]
[WhiteElo "2257"]
[BlackElo "2091"]
[Annotator "TA"]
[PlyCount "73"]
[EventDate "2020.12.18"]
[EventType "k.o."]
[EventCountry "NET"]
[SourceTitle "playchess.com"]
[Source "ChessBase"]
[SourceQuality "1"]

{[%evp 9,73,27,27,22,24,27,33,29,35,15,50,34,35,35,29,4,5,-61,-54,-47,-56,-58,-57,-54,50,34,26,35,110,-43,-28,-23,0,0,19,25,20,32,70,57,144,135,152,0,4,-16,169,102,1019,982,1727,1690,29976,29957,3362,3480,29986,29987,29981,29982,29982,29983,29984,29985,29985,29985]} 1. d4 Nf6 2. c4 e6 3. Nf3 d5 4. Nc3 a6 5. cxd5 exd5 6. Bg5 {D37: Queen's Gambit Declined: 5 Bf4.} Be6 7. e3 Nbd7 8. Bd3 {White is slightly better.} h6 9. Bh4 g5 10. Bg3 Nh5 {[#]} 11. Be5 $146 ({Predecessor:} 11. Qc2 Nxg3 12. hxg3 c6 13. O-O-O Bg7 14. Kb1 Nb6 15. Nd2 Qc7 16. Nb3 {1-0 (69) Sjugirov,S (2675)-Andreikin,D (2726) chess.com INT 2020}) 11... Nhf6 12. h4 g4 13. Nh2 (13. Bxf6 $11 Qxf6 14. Ng1) 13... Nxe5 $15 14. dxe5 Nd7 15. Nxg4 Rg8 16. Be2 h5 (16... c6 $1 $15) 17. Nf6+ $1 $14 Nxf6 18. exf6 Qxf6 (18... c6 $14) 19. Bxh5 $2 ({White must play} 19. Nxd5 $16 Qe5 20. Nf4) 19... O-O-O $15 {Threatens to win with ...d4.} (19... Rxg2 $6 20. Qf3 $16) 20. Qf3 Qe5 {...d4 is the strong threat.} 21. O-O-O $1 (21. Bxf7 Bxf7 22. Qxf7 Bb4 $17) 21... Ba3 {( -> ...Qxc3+)} 22. Kb1 $36 {[%mdl 2048] Black is under pressure.} (22. bxa3 $2 Qxc3+ 23. Kb1 Rd6 $19) 22... Rd6 {And now ...Bf5+ would win.} 23. Rd2 (23. bxa3 $2 Qxc3 24. Rd4 Qxa3 $19) (23. Bxf7 $2 Bf5+ 24. e4 (24. Ka1 Bxb2+ 25. Kxb2 Rb6+ 26. Ka3 Qxc3+ 27. Ka4 Bd7#) 24... dxe4 $19) 23... Rb6 {aiming for ...Qxc3.} 24. Rc1 (24. Bxf7 $2 Bg4 $19) 24... Bf5+ ({Better is} 24... Qg7 $14) 25. Ka1 $16 Be4 26. Qh3+ (26. Qxf7 $6 Rxg2 27. Rcd1 Kb8 $11) (26. Qf4 $1 $16 {[%cal Rf4e5]} Qxf4 27. exf4) 26... Kb8 $1 $11 27. Bf3 {Hoping for Bxe4.} (27. bxa3 $2 Qxc3+ $1 {[%mdl 512]} 28. Rxc3 Rb1#) (27. Bxf7 $2 Rxg2 28. Qxg2 (28. Qd7 Bxb2+ {[%mdl 64] Decoy} 29. Rxb2 Qxc3 {[%mdl 64] Double Attack} 30. Qe8+ Ka7 31. Qa8+ Kxa8 32. Rxc3 Rg1+ 33. Rc1 Rxc1+ 34. Rb1 Rcxb1#) 28... Bxg2 $19) 27... Bh7 $2 (27... d4 $1 $11 {and Black has nothing to worry.} 28. Na4 (28. Nxe4 dxe3 29. Rc5 Bxb2+ 30. Kb1 Ba3+ {[%mdl 64] Discovered Attack} 31. Kc2 Rb2+ {[%mdl 64] Double Attack} 32. Kd1 Rxd2+ 33. Nxd2 Qa1+ {[%mdl 64] Double Attack} 34. Ke2 exd2 $19) (28. Bxe4 dxc3 29. Qc8+ Rxc8 30. bxc3 Bxc1 31. Rc2 Qb5 32. Re2 Qxe2 33. Bc2 Qxc2 34. h5 Qxc3#) (28. exd4 $2 Qxd4 29. Qd7 Qxd7 $19) 28... dxe3 29. fxe3 Rd6 30. Rxd6 Bxd6) 28. Bxd5 (28. bxa3 $2 {[#]} Qxc3+ $1 {[%mdl 512]} 29. Rxc3 Rb1#) (28. Qd7 $18) 28... Qxc3 $4 {[%mdl 8192]} (28... Rd8 $16 29. Qg3 (29. bxa3 $2 {gets mated.} Qxc3+ {[%mdl 64] Remove Defender, Deflection, Back Rank} 30. Rxc3 Rb1#) 29... Qf6) 29. Rxc3 $18 Rd8 30. Rxa3 c6 31. Qg3+ Ka7 32. Qc7 {[%mdl 64] Double Attack} Rxd5 33. Rxd5 {White mates.} cxd5 34. Qxf7 Be4 35. f3 Bg6 36. Qxd5 Rc6 37. Rc3 {Weighted Error Value: White=0.29/Black=0.55} 1-0

[Event "FIDE Online-ch U18 Girls 2020"]
[Site "Online"]
[Date "2020.12.19"]
[Round "1.2"]
[White "Yan, Tianqi"]
[Black "Muetsch, Annmarie"]
[Result "1-0"]
[WhiteElo "2207"]
[BlackElo "2236"]
[Annotator "ChessBase"]
[PlyCount "221"]
[EventDate "2020.12.18"]
[EventType "k.o."]
[EventCountry "NET"]
[SourceTitle "playchess.com"]
[Source "ChessBase"]
[SourceQuality "1"]

1. Nf3 {[%emt 0:00:00]} Nf6 {[%emt 0:00:16]} 2. c4 {[%emt 0:00:04]} g6 {[%emt 0:00:20]} 3. Nc3 {[%emt 0:00:03]} Bg7 {[%emt 0:00:03]} 4. g3 {[%emt 0:00:03]} O-O {[%emt 0:00:04]} 5. Bg2 {[%emt 0:00:02]} d6 {[%emt 0:00:25]} 6. d4 {[%emt 0:00:12]} Nbd7 {[%emt 0:00:25]} 7. O-O {[%emt 0:00:25]} e5 {[%emt 0:00:25]} 8. dxe5 {[%emt 0:00:21]} Nxe5 {[%emt 0:00:25]} 9. Nxe5 {[%emt 0:00:12]} dxe5 {[%emt 0:00:01]} 10. Bg5 {[%emt 0:00:08]} Qxd1 {[%emt 0:00:58]} 11. Raxd1 {[%emt 0:00:06]} c6 {[%emt 0:00:04]} 12. Rd6 {[%emt 0:00:20]} Be6 {[%emt 0:00:14]} 13. b3 {[%emt 0:00:12]} h6 {[%emt 0:00:12]} 14. Bc1 {[%emt 0:00:26]} Rfd8 {[%emt 0:00:07]} 15. Rfd1 {[%emt 0:00:03]} Rxd6 {[%emt 0:00:06]} 16. Rxd6 {[%emt 0:00:02]} Bf8 {[%emt 0:00:07]} 17. Rd3 {[%emt 0:00:07]} Kg7 {[%emt 0:00:13]} 18. h4 {[%emt 0:00:11]} Bf5 {[%emt 0:00:21]} 19. e4 {[%emt 0:00:21]} Be6 {[%emt 0:00:12]} 20. Bb2 {[%emt 0:00:12]} Ng4 {[%emt 0:00:40]} 21. Nd1 {[%emt 0:00:32]} Bc5 {[%emt 0:01:51]} 22. Kf1 {[%emt 0:00:06]} f5 {[%emt 0:01:16]} 23. Ne3 {[%emt 0:01:57]} Bxe3 {[%emt 0:01:08]} 24. fxe3 {[%emt 0:00:03]} fxe4 {[%emt 0:00:07]} 25. Bxe4 {[%emt 0:00:02]} Rf8+ {[%emt 0:00:20]} 26. Ke1 {[%emt 0:00:02]} Rf2 {[%emt 0:02:34]} 27. Rd2 {[%emt 0:00:04]} Rxd2 {[%emt 0:00:21]} 28. Kxd2 {[%emt 0:00:02]} Kf6 {[%emt 0:00:27]} 29. a4 {[%emt 0:00:14]} Bf5 {[%emt 0:00:09]} 30. Bf3 {[%emt 0:00:15]} h5 {[%emt 0:00:17]} 31. a5 {[%emt 0:00:05]} a6 {[%emt 0:00:05]} 32. b4 {[%emt 0:00:13]} Nh2 {[%emt 0:00:18]} 33. Bg2 {[%emt 0:00:06]} Ke6 {[%emt 0:02:01]} 34. b5 {[%emt 0:00:20]} e4 {[%emt 0:00:16]} 35. bxa6 {[%emt 0:00:40]} bxa6 {[%emt 0:00:03]} 36. Ba3 {[%emt 0:00:20]} Ng4 {[%emt 0:00:42]} 37. Bc5 {[%emt 0:00:17]} Nh2 {[%emt 0:01:02]} 38. Kc3 {[%emt 0:00:25]} Nf3 {[%emt 0:00:05]} 39. Bf8 {[%emt 0:01:29]} Ke5 {[%emt 0:00:51]} 40. Bf1 {[%emt 0:00:48]} Ne1 {[%emt 0:00:35]} 41. Bg7+ {[%emt 0:02:24]} Ke6 {[%emt 0:00:01]} 42. Bf8 {[%emt 0:01:02]} Ke5 {[%emt 0:00:15]} 43. Bg7+ {[%emt 0:00:09]} Ke6 {[%emt 0:00:02]} 44. Bd4 {[%emt 0:00:02]} Nd3 {[%emt 0:00:14]} 45. Bb6 {[%emt 0:00:07]} Ke5 {[%emt 0:00:16]} 46. Be2 {[%emt 0:00:22]} Kd6 {[%emt 0:00:30]} 47. Ba7 {[%emt 0:00:53]} c5 {[%emt 0:00:05]} 48. Bb8+ {[%emt 0:00:15]} Kc6 {[%emt 0:00:02]} 49. Bd1 {[%emt 0:00:06]} Kb7 {[%emt 0:00:26]} 50. Bd6 {[%emt 0:00:08]} Kc6 {[%emt 0:00:05]} 51. Bf8 {[%emt 0:00:08]} Kc7 {[%emt 0:00:14]} 52. Bc2 {[%emt 0:01:55]} Kc6 {[%emt 0:00:02]} 53. Kd2 {[%emt 0:00:06]} Ne5 {[%emt 0:00:30]} 54. Kc3 {[%emt 0:00:40]} Nd3 {[%emt 0:00:05]} 55. Ba4+ {[%emt 0:00:14]} Kc7 {[%emt 0:00:04]} 56. Bb3 {[%emt 0:00:10]} Kc6 {[%emt 0:00:12]} 57. Bc2 {[%emt 0:00:07]} Bh3 {[%emt 0:00:45]} 58. Bd1 {[%emt 0:01:39]} Bf5 {[%emt 0:00:10]} 59. Ba4+ {[%emt 0:00:33]} Kc7 {[%emt 0:00:03]} 60. Kd2 {[%emt 0:00:03]} Bd7 {[%emt 0:00:13]} 61. Bc2 {[%emt 0:00:12]} Bf5 {[%emt 0:00:11]} 62. Bxd3 {[%emt 0:00:22]} exd3 {[%emt 0:00:02]} 63. Bxc5 {[%emt 0:00:01]} Kc6 {[%emt 0:00:02]} 64. Bb4 {[%emt 0:00:04]} Be4 {[%emt 0:00:42]} 65. Kc3 {[%emt 0:00:05]} Bf5 {[%emt 0:00:14]} 66. Kd4 {[%emt 0:00:02]} d2 {[%emt 0:00:13]} 67. Bxd2 {[%emt 0:00:03]} Bb1 {[%emt 0:00:08]} 68. Bb4 {[%emt 0:00:04]} Bc2 {[%emt 0:00:03]} 69. e4 {[%emt 0:00:13]} Bb1 {[%emt 0:00:06]} 70. e5 {[%emt 0:00:13]} Bf5 {[%emt 0:00:03]} 71. Ke3 {[%emt 0:00:08]} Be6 {[%emt 0:00:04]} 72. Kd3 {[%emt 0:00:20]} Bf5+ {[%emt 0:00:13]} 73. Kd4 {[%emt 0:00:08]} Bh3 {[%emt 0:00:09]} 74. Ke4 {[%emt 0:00:34]} Be6 {[%emt 0:00:03]} 75. Kf4 {[%emt 0:00:04]} Bxc4 {[%emt 0:00:20]} 76. Kg5 {[%emt 0:00:02]} Kd7 {[%emt 0:00:07]} 77. Kxg6 {[%emt 0:00:04]} Be2 {[%emt 0:00:08]} 78. Kf7 {[%emt 0:00:18]} Bc4+ {[%emt 0:00:03]} 79. Kf6 {[%emt 0:00:01]} Be6 {[%emt 0:00:10]} 80. Kg5 {[%emt 0:00:45]} Bg4 {[%emt 0:00:05]} 81. Kf6 {[%emt 0:00:03]} Be6 {[%emt 0:00:03]} 82. Bd2 {[%emt 0:00:09]} Bg4 {[%emt 0:00:03]} 83. Bc3 {[%emt 0:00:09]} Be6 {[%emt 0:00:02]} 84. Kg5 {[%emt 0:00:04]} Bg4 {[%emt 0:00:02]} 85. Kf4 {[%emt 0:00:04]} Ke6 {[%emt 0:00:07]} 86. Ke4 {[%emt 0:00:01]} Bd1 {[%emt 0:00:17]} 87. Kd4 {[%emt 0:00:02]} Bg4 {[%emt 0:00:14]} 88. Kc5 {[%emt 0:00:04]} Bd1 {[%emt 0:00:07]} 89. Bd4 {[%emt 0:00:12]} Bg4 {[%emt 0:00:09]} 90. Kb6 {[%emt 0:00:03]} Be2 {[%emt 0:00:02]} 91. Kb7 {[%emt 0:01:11]} Bd3 {[%emt 0:00:12]} 92. Kc6 {[%emt 0:00:10]} Be2 {[%emt 0:00:06]} 93. Kc5 {[%emt 0:00:05]} Bg4 {[%emt 0:00:10]} 94. Kc4 {[%emt 0:00:09]} Be2+ {[%emt 0:00:03]} 95. Kc3 {[%emt 0:00:02]} Bg4 {[%emt 0:00:05]} 96. Kd3 {[%emt 0:00:01]} Bd1 {[%emt 0:00:05]} 97. Ke4 {[%emt 0:00:02]} Bg4 {[%emt 0:00:04]} 98. Be3 {[%emt 0:00:04]} Bd1 {[%emt 0:00:02]} 99. Bf4 {[%emt 0:00:02]} Bg4 {[%emt 0:00:06]} 100. Kd4 {[%emt 0:00:02]} Bd1 {[%emt 0:00:11]} 101. Kc5 {[%emt 0:00:02]} Bg4 {[%emt 0:00:13]} 102. Kb6 {[%emt 0:00:03]} Be2 {[%emt 0:00:02]} 103. g4 {[%emt 0:00:20]} hxg4 {[%emt 0:00:07]} 104. Bg3 {[%emt 0:00:02]} Bd3 {[%emt 0:01:24]} 105. Kc5 {[%emt 0:00:09]} Be2 {[%emt 0:00:22]} 106. Kd4 {[%emt 0:00:03]} Bd1 {[%emt 0:00:22]} 107. Ke4 {[%emt 0:00:05]} Bf3+ {[%emt 0:00:12]} 108. Kf4 {[%emt 0:00:02]} Bd1 {[%emt 0:00:02]} 109. Kg5 {[%emt 0:00:03]} Be2 {[%emt 0:00:12]} 110. Kg6 {[%emt 0:00:02]} Bd3+ {[%emt 0:00:05]} 111. Kg7 {[%emt 0:00:02]} 1-0

[Event "FIDE Online-ch U18 Girls 2020"]
[Site "Online"]
[Date "2020.12.19"]
[Round "1.2"]
[White "Demchenko, Svitlana"]
[Black "Priyanka Nutakki"]
[Result "1/2-1/2"]
[WhiteElo "2071"]
[BlackElo "2263"]
[Annotator "TA"]
[PlyCount "125"]
[EventDate "2020.12.18"]
[EventType "k.o."]
[EventCountry "NET"]
[SourceTitle "playchess.com"]
[Source "ChessBase"]
[SourceQuality "1"]

{[%evp 19,125,39,43,39,56,43,33,-12,9,-43,-50,-43,-39,-45,-58,-98,-78,-118,-47,-58,37,52,150,75,150,142,324,308,358,118,103,-6,-13,-41,-38,-64,-67,-58,-49,-73,-30,-54,-37,-57,-55,-67,-50,-47,-50,-56,-39,-57,-6,-20,0,0,0,-1803,-2,-9,0,-1569,0,-124,-81,-81,-81,-210,-211,-29981,-46,-356,-123,-143,-130,-131,-102,-333,-329,-327,-327,-326,-326,-326,-326,-326,-326,-326,-326,-303,-294,-326,-326,-326,-326,-326,-156,-152,-8,-8,0,0,0,-8,0,0,0,-8]} 1. e4 e6 2. d4 d5 3. Nd2 Nf6 4. e5 Nfd7 5. Bd3 c5 6. c3 Nc6 7. Ngf3 Be7 8. O-O O-O 9. Re1 f6 10. exf6 Nxf6 11. Nf1 {C06: French Tarrasch: 3...Nf6 4 e5 Nfd7 5 Bd3 main lines.} cxd4 12. cxd4 Qb6 13. Ng3 {White is slightly better.} Ng4 14. h3 (14. Re2 $11) 14... Nxf2 $1 $15 15. Kxf2 Bh4 16. Be3 {[#]} g6 $146 ({Predecessor:} 16... Qc7 17. Kg1 Bxg3 18. Rf1 h6 19. Qd2 Rf6 20. Bc2 Nb4 21. Bb1 a5 22. a3 Nc6 {1-0 (63) Mamonovas,V (2171)-Fortuny,M (1803) ICCF email 2016}) 17. Kg1 Bxg3 18. Rf1 Bd7 ({And not} 18... Qxb2 19. Ng5 $16) (18... e5 $1 $17 {And now ...e4 would win.} 19. Ng5 Rxf1+ 20. Qxf1 Bf4 {[%mdl 64] Deflection, Decoy} 21. Bxf4 Qxd4+ {[%mdl 64] Double Attack} 22. Qf2 Qxf4 23. Qxf4 exf4) 19. Qe2 Nb4 (19... Rad8 $15) 20. Ne5 $14 Qd6 {[#]} ({Avoid the trap} 20... Nxd3 $2 21. Nxd7 Rxf1+ 22. Rxf1 $18) (20... Bxe5 $14 21. dxe5 Qc7) 21. Bh6 (21. Bxg6 $142 $1 {[%mdl 512]} Bxe5 (21... hxg6 22. Nxg6) 22. Bxh7+ $1 {[%mdl 576] Decoy} Kxh7 23. Qh5+ {[%mdl 64] Double Attack} Kg8 24. dxe5) 21... Rxf1+ (21... Bxe5 $142 22. dxe5 Qc5+ 23. Kh2 Rxf1 24. Rxf1 Nxd3) 22. Rxf1 $16 {Threatens to win with Qf3.} Nxd3 $2 (22... Bxe5 $16 23. dxe5 Qc5+ 24. Kh2 Nxd3) 23. Nxd3 $18 Qe7 24. Qf3 $2 (24. Ne5 $18 {Rf7! is the strong threat.} Bxe5 25. Qxe5) 24... Bd6 $16 25. Qe3 ({Better is} 25. Rf2 $16) 25... Bb5 $11 26. Bg5 Qd7 27. Re1 Bxd3 28. Qxd3 Re8 29. Bf6 Bf8 (29... Rf8 $5 {[%cal Rf8f6]} 30. Rf1 Rf7 $17) 30. h4 Bg7 31. Be5 Bxe5 32. Rxe5 $15 {[%mdl 4096] Endgame KQR-KQR} Qf7 33. Qe3 h5 34. Kh2 Kh7 35. a4 a5 (35... Kg7 $15) 36. b3 $11 Qf6 37. g3 Kg7 38. Kh3 $2 {[%mdl 8192]} (38. Rxd5 $11 exd5 39. Qxe8) 38... Re7 $2 (38... Qf1+ $1 $19 39. Kh2 Rf8) 39. Kh2 Re8 $2 {[%mdl 8192]} (39... Kg8 $11) 40. Kh3 $19 {[#]} Re7 $2 (40... Qf1+ $1 $19 41. Kh2 Rf8) 41. g4 (41. Kh2 $11 {remains equal.}) 41... hxg4+ 42. Kxg4 Qf1 43. Rg5 (43. h5 $17) 43... Qg2+ 44. Kf4 $2 (44. Qg3 $19 Qxg3+ 45. Kxg3) 44... Qh2+ $2 (44... Rf7+ {mates} 45. Ke5 Qc2 46. Rxg6+ Qxg6 47. Qg5 Rf5+ 48. Qxf5 exf5 49. h5 Qxh5 50. Kf4 Qg4+ 51. Ke5 f4 52. Kxd5 f3 53. Kc5 f2 54. b4 axb4 55. d5 f1=Q 56. Kd6 Qc8 57. Ke5 Qff5+ 58. Kd6 Qf6#) 45. Qg3 $2 {[%mdl 8192]} ({White must play} 45. Kg4 $15) 45... Qxg3+ $2 (45... Qd2+ $19 46. Kg4 Qxd4+ 47. Kh3 Qe4) 46. Rxg3 {KR-KR} Kf6 47. Rf3 e5+ 48. dxe5+ $2 (48. Ke3+ $17 {keeps fighting.} Kg7 49. Rg3) 48... Rxe5 {aiming for ...Rf5+.} 49. Rc3 Re4+ 50. Kg3 d4 51. Rc4 Re3+ 52. Kf2 Rxb3 53. Rxd4 Rb4 54. Rd6+ Kg7 55. Rd7+ Kh6 56. Kg3 Rxa4 57. Rxb7 Rb4 (57... Ra1 $19 {has better winning chances.} 58. Ra7 a4) 58. Ra7 $17 {[#]} a4 (58... Rb3+ $1 $17 59. Kf2 Ra3) 59. Ra8 {The position is equal.} Rb3+ 60. Kg4 Rb4+ 61. Kg3 Rb3+ 62. Kg4 Rb4+ 63. Kg3 {White used his chance.  Weighted Error Value: White=0.65/Black=0.59} 1/2-1/2